000 00632nam a2200217Ia 4500
008 140626s9999 xx 000 0 und d
100 _aKikuchi, Mami.
245 _aExplicating and measuring social relationships in social capital research /
_c Mami ... [et al.].Kikuchi
260 _cc2012.
300 _a22 : 2, page 187
440 _aCommunication Theory
521 _aMC
650 _aCommunication theory.
650 _aCommunity.
650 _aInformal-formal dimensions.
650 _aNetwork size.
650 _aSocial capital.
650 _aSocial relationship.
650 _aSocial support.
942 _cSE
999 _c121255
_d121255